| 000 -CABECERA |
| Longitud fija campo de control |
00562nam a22001817a 4500 |
| 003 - IDENTIFICADOR DEL NÚMERO DE CONTROL |
| Identificador del número de control |
OSt |
| 005 - FECHA Y HORA DE LA ÚLTIMA TRANSACCIÓN |
| Fecha y hora de la última transacción |
20130409181828.0 |
| 008 - CÓDIGOS DE INFORMACIÓN DE LONGITUD FIJA |
| Códigos de información de longitud fija |
130409s2012 sp ||||| |||| 00| 0 cat d |
| 040 ## - FUENTE DE LA CATALOGACIÓN |
| Centro transcriptor |
CDMR |
| 100 1# - PUNTO DE ACCESO PRINCIPAL-NOMBRE DE PERSONA |
| 9 (RLIN) |
3114 |
| Nombre de persona |
Pompeia, Núria |
| Fechas asociadas al nombre |
1931- |
| 245 ## - MENCIÓN DE TÍTULO |
| Título |
Núria Pompeia |
| Resto del título |
: sola davant del perill |
| Mención de responsabilidad, etc. |
Núria Pompeia |
| 260 ## - PUBLICACIÓN, DISTRIBUCIÓN, ETC. (PIE DE IMPRENTA) |
| Lugar de publicación, distribución, etc. |
[Barcelona] |
| Nombre del editor, distribuidor, etc. |
Kairós |
| 260 ## - PUBLICACIÓN, DISTRIBUCIÓN, ETC. (PIE DE IMPRENTA) |
| Nombre del editor, distribuidor, etc. |
Col·legi de Periodistes de Catalunya |
| Fecha de publicación, distribución, etc. |
[2012] |
| 300 ## - DESCRIPCIÓN FÍSICA |
| Extensión |
23 p. |
| Otras características físicas |
il. col. |
| 500 ## - NOTA GENERAL |
| Nota general |
Catàleg de exposició, part de la mostra Caricart 2012 |
| 500 ## - NOTA GENERAL |
| Nota general |
a la coberta: Humor Gràfic |
| 942 ## - ENTRADA DE ELEMENTOS AGREGADOS (KOHA) |
| Fuente de clasificaión o esquema |
|
| Koha [por defecto] tipo de item |
Monografies |